Loading...

Cast and Gender in Contemporary India: Power, Privilege and Politics

Bibliographic Details
Other Authors: Supurna Banerjee,Ed, Nandini Ghosh,Ed
Format: Printed Book
Published: London Routledge 2019
Subjects:
LEADER 00612nam a22001577a 4500
020 |a 9780367147624 
082 |a 305.5122  |b CAS 
245 |a Cast and Gender in Contemporary India: Power, Privilege and Politics 
260 |a London  |b Routledge  |c 2019 
300 |a 242p. 
650 |a caste system -India  |a marginalised community  |a Gender discrimination   |a Caste politics-Indian politics 
700 |a Supurna Banerjee,Ed. 
700 |a Nandini Ghosh,Ed. 
942 |c BK 
999 |c 59533  |d 59533 
952 |0 0  |1 0  |4 0  |6 305_512200000000000_CAS  |7 0  |9 66655  |a KUCL  |c Stack  |d 2020-10-28  |g 895.00  |l 0  |o 305.5122 CAS  |p 51608  |r 2020-10-28  |w 2020-10-28  |y BK